000 00342nam a2200145Ia 4500
008 230711s9999||||xx |||||||||||||| ||und||
041 _aENG
082 _a624
_bCO-C
100 _aCooke,T.H
245 0 _aConcrete pumping and spraying
250 _a2nd
260 _c1990
_aNew York
_bThomas Telford
650 _aCivil Engineering
942 _cBK
999 _c396
_d396